Точное литье в керамические формы по постоянным моделям : (Record no. 525600)
[ view plain ]
| 000 -LEADER | |
|---|---|
| fixed length control field | 01564nam a2200253 a 4500 |
| 003 - CONTROL NUMBER IDENTIFIER | |
| control field | AM-YeHGA |
| 001 - CONTROL NUMBER | |
| control field | 1625708 |
| 005 - DATE AND TIME OF LATEST TRANSACTION | |
| control field | 20250617164520.0 |
| 008 - FIXED-LENGTH DATA ELEMENTS--GENERAL INFORMATION | |
| fixed length control field | 190628s1962 ru fr 000 0 rus d |
| 040 ## - CATALOGING SOURCE | |
| Original cataloging agency | AM-YeHGA |
| 041 0# - LANGUAGE CODE | |
| Language code of text/sound track or separate title | rus |
| 090 ## - LOCALLY ASSIGNED LC-TYPE CALL NUMBER (OCLC); LOCAL CALL NUMBER (RLIN) | |
| -- | 532828 |
| 100 1# - MAIN ENTRY--PERSONAL NAME | |
| Personal name | Тамаровский, В.И. |
| 245 10 - TITLE STATEMENT | |
| Title | Точное литье в керамические формы по постоянным моделям : |
| Remainder of title | Обзор зарубежной техники / |
| Statement of responsibility, etc. | В.И. Тамаровский, Д.С. Юрьев; Государственный комитет Совета Министров СССР по координации научно-исследовательских работ, Государственный научно-исследовательский институт научной и технической информации. |
| 260 ## - PUBLICATION, DISTRIBUTION, ETC. | |
| Place of publication, distribution, etc. | Москва : |
| Name of publisher, distributor, etc. | ГОСИНТИ, |
| Date of publication, distribution, etc. | 1962. |
| 300 ## - PHYSICAL DESCRIPTION | |
| Extent | 30 с. |
| Other physical details | табл., черт.; |
| Dimensions | 21 см. |
| 490 0# - SERIES STATEMENT | |
| Series statement | Обзор зарубежной техники |
| 504 ## - BIBLIOGRAPHY, ETC. NOTE | |
| Bibliography, etc. note | Библиогр.: с. 31 |
| 650 14 - SUBJECT ADDED ENTRY--TOPICAL TERM | |
| Topical term or geographic name entry element | Литье в керамические формы |
| 700 1# - ADDED ENTRY--PERSONAL NAME | |
| Personal name | Юрьев, Д.С. |
| 710 2# - ADDED ENTRY--CORPORATE NAME | |
| Corporate name or jurisdiction name as entry element | Государственный комитет Совета Министров СССР по координации научно-исследовательских работ. |
| 710 2# - ADDED ENTRY--CORPORATE NAME | |
| Corporate name or jurisdiction name as entry element | Государственный научно-исследовательский институт научной и технической информации. |
| 942 ## - ADDED ENTRY ELEMENTS (KOHA) | |
| Source of classification or shelving scheme | Universal Decimal Classification |
| Koha item type | Գրքեր / Books |
| Withdrawn status | Lost status | Damaged status | Not for loan | Collection | Home library | Current library | Date acquired | Total checkouts | Full call number | Barcode | Date last seen | Price effective from | Koha item type | Public note |
|---|---|---|---|---|---|---|---|---|---|---|---|---|---|---|
| General | Fundamental Scientific Library | Fundamental Scientific Library | 27/05/2022 | РII/73515 | FL0676695 | 27/05/2022 | 27/05/2022 | Գրքեր / Books | 30 Days Loan |
ՀՀ Գիտությունների ազգային ակադեմիայի հիմնարար գիտական գրադարան = Fundamental Scientific Library of NAS RA
All site content, except where otherwise noted, is licensed under a